15 questions sur Friends (VO) - Statistiques

Statistiques générales
  • Ce quiz a été pris 411 fois
  • Le résultat moyen est 11 sur 15
Statistiques - réponses
Questions: Réponses % Correct
Combien de fois Ross s’est il marié 3
98%
Nombre de saisons 10
97%
De qui Gunther est amoureux Rachel
95%
Nombre d’enfants dans la série 7
90%
Quel était le physique de Monica quand elle était jeune Obèse
88%
Nom de l’homme que Rachel a failli marié Barry
86%
We were on a … Break
86%
Nom du petit ami de Monica connu pour sa moustache Richard
86%
Réplique phare de Janice Oh my god
85%
Mari de Phoebe Mike
76%
Nom des deux sœurs de Rachel Jill et Amy
64%
Nom de la mère porteuse des enfants de Monica et Chandler Erica
62%
Dans quel pays a lieu la convention de paléontologie de ross Barbade
53%
Nom de la grand-mère de Monica et Ross Althea
20%
D’après Rachel quel est le métier de Chandler Transponster
17%
Aucun quiz correspondant
Distribution des résultats
% des personnes avec chaque résultat
Percentile par nombre de réponses
Votre historique - résultats
Vous n’avez pas pris ce quiz